Préfectures de France : Orléans - Statistiques

Statistiques générales
  • Ce quiz a été pris 124 fois
  • Le résultat moyen est 12 sur 25
Statistiques - réponses
Question Réponse % Correct
Quel numéro porte celui-ci ? 45
97%
De quel département est-ce la préfecture ? Loiret
95%
Comment se nomment ses habitants ? Orléanais
95%
Elle a libéré Orléans en 1429 Jeanne d'Arc
91%
La ville appartient au diocèse de/d' Orléans
89%
A quelle région administrative appartient la ville depuis 2015 ? Centre-Val de Loire
83%
Quelle est la couleur principale du fond du blason Rouge
72%
La ville appartient à l'académie de/d' Orléans-Tours
66%
Quelles sont les sous-préfectures qui en dépendent ? Montargis
61%
Les communes proches dont le nom commence par S sont Saint-Jean-de-la-Ruelle
53%
Les communes proches dont le nom commence par S sont Saint-Jean-de-Braye
52%
Quelles sont les sous-préfectures qui en dépendent ? Pithiviers
51%
Le journal local est La République du Centre
47%
Ville des Etats-Unis jumelée avec Orléans depuis 2018 La Nouvelle-Orléans
46%
Les communes proches dont le nom commence par S sont Saint-Jean-le-Blanc
41%
Le titre de duc d'Orléans est traditionnellement porté par un proche du roi, son frère
33%
Les communes proches dont le nom commence par S sont Saint-Pryvé-Saint-Mesmin
32%
La cathédrale est dédiée à Ste Croix
32%
Les communes proches dont le nom commence par S sont Semoy
31%
Le nom romain de la ville est Cenabum
17%
Le peuple gaulois qui l'occupe est celui des Carnutes
11%
En 1108, ce roi est sacré à Orléans Louis VI
5%
La 1ère université d'Orléans a été fondée par le pape Clément V
4%
Que sont les trois objets figurant sur la partie basse du blason ? Cailloux
0%
Le 1er évêque installé dans la ville est Diclopitus | Diclopetus
0%
Aucun quiz correspondant
Distribution des résultats
% des personnes avec chaque résultat
Percentile par nombre de réponses
Votre historique - résultats
Vous n’avez pas pris ce quiz